000 01482cam a22003854a 4500
001 61753
003 BJBSDDR
005 20260506121815.0
007 ta
008 260506s2013 dr a b 000 0 spa c
020 _a994540413X
035 _a14807924
035 _a(OCoLC)ocm71000741
035 _a(OCoLC)71000741
040 _aFUG
_cFUG
_dUBY
_dDLC
_bspa
041 _aspa
042 _apcc
043 _anwdr---
050 1 4 _a118 ML 3565
_bG241r 2013
082 0 0 _a398.097293
100 1 _aGarrido de Boggs, Edna,
_d1913-2010
_948303
245 1 0 _aReseña histórica del folklore dominicano /
_cEdna Garrido de Boggs ; [edición bajo el cuidado de Xiomarita Pérez]
260 _aSanto Domingo :
_bEdiciones de la Secretaría de Estado de Cultura, Dirección Nacional de Folklore,
_c2013
300 _a279 páginas :
_bilustraciones ;
_c23 cm.
500 _aIncluye datos biográficos del autor en la solapa y en la solapa de la contracubierta
504 _aIncluye referencias bibliográficas
650 0 _aFolk music
_zDominican Republic
_xHistory and criticism.
650 4 _aMúsica folclórica
_zRepública Dominicana
_xHistoria y crítica
_948304
650 0 _aFolklore
_zDominican Republic.
650 4 _aFolclore
_zRepública Dominicana
_941880
651 0 _aDominican Republic
_xSocial life and customs.
651 4 _aRepública Dominicana
_xVida social y costumbres
_92637
700 1 _aPérez, Xiomarita
_948305
_eeditora
942 _2lcc
_cBK
_n0
999 _c127013
_d127013